Грузозахватные устройства, крепежные детали, упругие элементы и муфты (изобретия автора)

Dettagli Bibliografici
Autore principale: Рахманов Н. Н. Николай Николаевич
Riassunto:Исключено из фонда НТБ ТПУ
Lingua:russo
Pubblicazione: Киев, Тэхника, 1989
Natura: MixedMaterials Libro
KOHA link:https://koha.lib.tpu.ru/cgi-bin/koha/opac-detail.pl?biblionumber=223925

MARC

LEADER 00000nam0a2200000 4500
001 223925
005 20231031200315.0
010 |a 5335007338 
020 |a RU  |b 90-3257 
035 |a (RuTPU)RU\TPU\book\244197 
090 |a 223925 
100 |a 20121017d1989 m y0rusy5003 ca 
101 0 |a rus 
102 |a UA 
105 |a a z 000zy 
200 1 |a Грузозахватные устройства, крепежные детали, упругие элементы и муфты (изобретия автора)  |f Н. Н. Рахманов 
210 |a Киев  |c Тэхника  |d 1989 
215 |a 72 с.  |c ил. 
333 |a Исключено из фонда НТБ ТПУ 
700 1 |a Рахманов  |b Н. Н.  |g Николай Николаевич 
801 0 |a RU  |b RuMRKP  |c 19950417  |g psbo 
801 1 |a RU  |b 63413507  |c 20121017 
801 2 |a RU  |b 63413507  |c 20170131  |g RCR 
942 |c BK